000 00412pab a2200157 454500
008 180718b2006 xxu||||| |||| 00| 0 eng d
100 _aGrewal, Jasraman Singh
245 _aMortality and the reservation issue
260 _c2006
300 _ap.4114-116.
362 _a30 Sep
650 _aBackward classes - India
650 _aBackward classes
773 _aEconomic and Political Weekly
909 _a71968
999 _c71968
_d71968